000 00793nam a2200229 a 4500
001 000043384
003 OSt
005 20201012125658.0
008 140312s1999 dr ac 000 0 spa d
040 _aDO-SdBNP
_bspa
_cDO-SdBNP
082 _a005.43
_bP426ma
100 1 _aPeralta D., Felipe
_971047
245 1 0 _aManual de windows ´98 /
_cFelipe Peralta D.
260 _aSanto Domingo :
_bCENTU,
_c1999.
300 _a234 p. :
_bil., retrs. ;
_c22 cm.
505 0 _tIntroducción a la Computadora --
_tWindows 98. --
_tIntroducción al Iternet --
590 _aInventariado,2020/VM
650 7 _2Lemb
_aWindows 98 (Programa para computador)
_vManuales
_976847
650 7 _2Lemb
_aWindows 98 (Sistema operacional para computador)
_vManuales
_976851
942 _2ddc
_cLF1
956 _a VMateo
999 _c42873
_d42873